000 01108nam a22002537a 4500
005 20170512120307.0
010 _a1617EN ENG-117572
020 _a9788185708522
_c795.00
035 _aB-647567-574
035 _aEN-101104
035 _aB-666090
037 _adpl
_bVariety
037 _bDBAD/PUB
082 _a025.84095485
100 _aBalakriishna, P.
245 _aPreservation and organization of manuscripts in the libraries /
_cby P. Balakrishna
260 _aNew Delhi
_bSBW Pub.
_c2015
270 _a4831/24, Prahlad Gali, Ansari Road, Darya Ganj,
_bNew Delhi
_e110002
300 _aviii,182p.
_c25cm(Hb)
500 _aIncludes bibliographical references and index
942 _2ddc
_cEN
_mBAL
_h025.84095485
999 _c102369
_d102369